Golden Globe Award for Best Supporting Actress – Motion Picture - Statistics

General Stats
  • This quiz has been taken 21 times
  • The average score is 24 of 75
Answer Stats
Year Actress % Correct
2002 Meryl Streep
93%
1979 Meryl Streep
93%
1989 Julia Roberts
73%
2007 Cate Blanchett
67%
2013 Jennifer Lawrence
67%
1990 Whoopi Goldberg
67%
1999 Angelina Jolie
60%
1982 Jessica Lange
60%
2015 Kate Winslet
60%
2008 Kate Winslet
60%
1997 Kim Basinger
60%
1986 Maggie Smith
60%
2003 Renée Zellweger
60%
2016 Viola Davis
60%
2012 Anne Hathaway
53%
2005 Rachel Weisz
53%
1953 Grace Kelly
47%
2010 Melissa Leo
47%
2004 Natalie Portman
47%
1987 Olympia Dukakis
47%
1993 Winona Ryder
47%
1983 Cher
40%
1994 Dianne Wiest
40%
2001 Jennifer Connelly
40%
1996 Lauren Bacall
40%
1980 Mary Steenburgen
40%
2009 Mo'Nique
40%
2011 Octavia Spencer
40%
2006 Jennifer Hudson
33%
1970 Maureen Stapleton
33%
1991 Mercedes Ruehl
33%
2014 Patricia Arquette
33%
2000 Kate Hudson
27%
1973 Linda Blair
27%
1968 Ruth Gordon
27%
1965 Ruth Gordon
27%
1972 Shelley Winters
27%
1977 Vanessa Redgrave
27%
1964 Agnes Moorehead
20%
1944 Agnes Moorehead
20%
1962 Angela Lansbury
20%
1945 Angela Lansbury
20%
1947 Celeste Holm
20%
1956 Eileen Heckart
20%
1992 Joan Plowright
20%
1974 Karen Black
20%
1970 Karen Black
20%
1998 Lynn Redgrave
20%
1985 Meg Tilly
20%
1949 Mercedes McCambridge
20%
1995 Mira Sorvino
20%
1984 Peggy Ashcroft
20%
1961 Rita Moreno
20%
1988 Sigourney Weaver
20%
1946 Anne Baxter
13%
1971 Ann-Margret
13%
1975 Brenda Vaccaro
13%
1967 Carol Channing
13%
1978 Dyan Cannon
13%
1957 Elsa Lanchester
13%
1969 Goldie Hawn
13%
1960 Janet Leigh
13%
1981 Joan Hackett
13%
1966 Jocelyne LaGarde
13%
1950 Josephine Hull
13%
1976 Katharine Ross
13%
1951 Kim Hunter
13%
1963 Margaret Rutherford
13%
1955 Marisa Pavan
13%
1948 Ellen Corby
7%
1958 Hermione Gingold
7%
1954 Jan Sterling
7%
1943 Katina Paxinou
7%
1952 Katy Jurado
7%
1959 Susan Kohner
7%
No matching quizzes found
Score Distribution
Percent of People with Each Score
Percentile by Number Answered
Your Score History
You have not taken this quiz